[Event "FIDE-Wch k.o."]
[Site "Moscow"]
[Date "2001.11.28"]
[Round "1.2"]
[White "Bareev, Evgeny"]
[Black "Gluzman, Mikhail"]
[Result "1-0"]
[WhiteElo "2719"]
[BlackElo "2400"]
[Annotator "Ftacnik,L"]
[PlyCount "85"]
[EventDate "2001.11.27"]
[EventType "k.o."]
[EventRounds "7"]
[EventCountry "RUS"]
[SourceTitle "CBM 086"]
[Source "ChessBase"]
[SourceDate "2002.02.05"]
[SourceVersion "1"]
[SourceVersionDate "2002.02.05"]
[SourceQuality "1"]

1. d4 d5 2. c4 e6 3. Nc3 c5 4. cxd5 exd5 5. Nf3 Nc6 6. g3 Nf6 7. Bg2 Be7 8. O-O
O-O 9. Bg5 c4 10. Ne5 Be6 11. Nxc6 bxc6 12. b3 Qa5 13. Qc2 Rfd8 14. Na4 Rac8
15. Rfd1 c5 16. Bd2 (16. Nxc5 Bxc5 17. dxc5 Qxc5 18. bxc4 (18. e3 d4 19. Bxf6
d3 20. Qc3 gxf6 21. bxc4 Qe5 22. Qa3 Rxc4 {0-1 Voloshin,L-Bezgodov,A/Ufa 1993/
(36)}) (18. Bxf6 gxf6 19. e3 d4 20. exd4 Rxd4 21. bxc4 Rxc4 22. Qb2 Kg7 23. a3
Rc2 24. Qd4 Qxd4 25. Rxd4 Ra2 {0-1 Varga,P-Blauert,J/Budapest/1997/ (39)})
18... dxc4 19. Be3 Qa3 20. Bb7 Rxd1+ 21. Rxd1 Re8 22. Bd4 h6 23. Bf3 Rd8 24. e3
c3 25. Qxc3 Qxc3 26. Bxc3 Rxd1+ 27. Bxd1 Bxa2 {1/2-1/2 Gligoric,S-Marjanovic,S/
Bled 1979/ (47)}) 16... Qc7 (16... cxb3 17. axb3 Qb5 18. Nxc5 Bxc5 19. dxc5
Qxe2 20. Re1 Qh5 21. Rxa7 Ng4 22. h3 {1-0 Tukmakov,V-Mueller,K/Leipzig 1975/ 
(31)}) 17. Bf4 Qa5 18. Nxc5 Bxc5 19. dxc5 Qxc5 20. e3 Nd7 21. bxc4 f6 (21...
dxc4 22. Bb7 $16) (21... Qxc4 22. Qd2 $14) 22. h4 Nb6 (22... Ne5 23. Rab1 dxc4
24. Bb7 Rxd1+ 25. Rxd1 Rb8 26. Be4 h6 27. Qc3 $14) 23. Rd4 {White enjoys
bishop's pair, so black strives to take back on c4 with a pawn to get some
compensation.} dxc4 $2 (23... Rd7 $1 24. Rad1 dxc4 25. Rxd7 Bxd7 26. Rd4 $13)
24. Bb7 $1 Rxd4 25. exd4 (25. Bxc8 Bxc8 26. exd4 Qc6 27. Qe2 Bb7 28. f3 $16)
25... Qf8 (25... Qxd4 26. Rd1 Qc5 27. Be3 Qc7 28. Bxc8 Qxc8 29. Bxb6 axb6 30.
Rd6 $16) 26. Bxc8 Qxc8 27. Re1 c3 (27... Bd5 28. Qe2 c3 29. Qe8+ $18) 28. Qe2
Bf7 29. Qb5 h6 (29... c2 30. Qc5 Be6 31. Rc1 Bf5 32. Bc7 $18) 30. Qc5 Qg4 31.
Qxc3 {Within a few moves black has lost an exchange and a passed pawn, his
remaining hope is some fuzzy kingside attack.} Nd5 32. Qb3 Kh7 (32... Nxf4 33.
Qb8+ (33. Re8+ $2 Kh7 34. Qxf7 Qd1+ 35. Kh2 Qf3 36. Qg8+ Kg6 37. gxf4 Qxf2+ $11
) 33... Kh7 34. Qxf4 $18) 33. Qd1 Qh3 34. Bd2 f5 (34... Ne3 35. Rxe3 Bd5 36.
Qc2+ f5 37. f3 Qxg3+ 38. Kf1 Qh3+ 39. Ke2 Qg2+ 40. Kd1 $19) 35. Re5 Nf6 36. Qf1
Qg4 37. Qe2 Qxd4 (37... Qh3 38. Qf3 $18) 38. Rxf5 Bd5 (38... Bxa2 39. Rf4 Qa1+
40. Kg2 Bf7 41. f3 $18) 39. Rf4 Ne4 40. Kh2 g5 (40... Qxd2 41. Rxe4 Qc1 42. Qe1
$18) 41. Be3 Qa1 42. hxg5 Nxf2 (42... hxg5 43. Qh5+ Kg7 44. Rf5 Be6 45. Rb5 $18
) 43. Qc2+ $1 (43. Qc2+ $1 Kg8 44. Qc8+ Kh7 45. Qf5+ $18) 1-0

[Event "Hoogovens"]
[Site "Wijk aan Zee"]
[Date "1992.01.??"]
[Round "4"]
[White "Van Wely, Loek"]
[Black "Piket, Jeroen"]
[Result "1-0"]
[WhiteElo "2560"]
[BlackElo "2615"]
[Annotator "Ftacnik,L"]
[PlyCount "143"]
[EventDate "1992.01.??"]
[EventType "tourn"]
[EventRounds "13"]
[EventCountry "NED"]
[EventCategory "14"]
[SourceTitle "CBM 028"]
[Source "ChessBase"]
[SourceDate "1992.06.01"]
[SourceVersion "1"]
[SourceVersionDate "1992.06.01"]
[SourceQuality "1"]

1. d4 d5 2. c4 e6 3. Nc3 c5 4. cxd5 exd5 5. Nf3 Nc6 6. g3 Nf6 7. Bg2 Be7 8. O-O
O-O 9. Bg5 cxd4 10. Nxd4 h6 11. Be3 Re8 12. Rc1 Bg4 13. h3 Be6 14. Kh2 Qa5 (
14... Ne5 15. Nxe6 fxe6 $14) 15. Qa4 Qxa4 16. Nxa4 Bd7 17. Nc3 (17. Nc5 Bxc5
18. Rxc5 Nxd4 19. Bxd4 Rxe2 $132) 17... Nxd4 18. Bxd4 Bc6 19. e3 Ne4 20. Rc2
Red8 21. Rfc1 $6 (21. h4 $1 $14) 21... Kf8 $6 (21... Ng5 22. h4 Ne6 $10) 22. h4
$1 g5 $6 23. hxg5 hxg5 24. Bf3 f5 25. Kg2 (25. g4 $5 $36) 25... Nxc3 26. Rxc3
Kf7 27. Rxc6 $5 (27. Rh1 $14) 27... bxc6 28. Rxc6 g4 $8 29. Bd1 Rac8 $6 (29...
Rd6 $5 30. Rc7 Ke6 31. Bc2 Bf6 32. Bc5 Ra6 33. b4 Rxa2 34. Rc6+ Kf7 35. Bxf5
$16) (29... a5 $5 30. Ba4 $36) 30. Ra6 Rc7 31. Be5 $1 Rc1 (31... Rb7 32. Bc2
$16) 32. Bb3 Rd7 33. Ba4 Rb7 34. Bc6 Rb6 35. Bxd5+ Kg6 36. Rxa7 Bf6 37. Bf7+
Kg7 38. Bf4 Bxb2 39. e4 fxe4 40. Bd5+ Kf6 41. Bxc1 Bxc1 42. Bxe4 $18 Rb2 43.
Kf1 Bd2 44. Bd3 Bc3 45. Ra4 Rd2 46. Be2 Bd4 47. Ra8 Rb2 48. a4 Ra2 49. a5 Ra1+
50. Kg2 Ra2 51. Rf8+ Ke7 52. Rf4 Be5 53. Re4 Rxa5 54. Bxg4 Kf6 55. f4 Bc3 56.
Be2 Ra3 57. g4 Bd2 58. Rd4 Ra2 59. Kf3 Ra3+ 60. Bd3 Bc3 61. g5+ Ke6 62. Bc4+
Kf5 63. Rd5+ Kg6 64. Bd3+ Kf7 65. f5 Ra4 66. Rd7+ Kf8 67. f6 Be5 (67... Rd4 68.
Rxd4 Bxd4 69. Ke4 Bc3 70. Kf5 $18) 68. Bg6 Ra8 69. Rh7 Kg8 70. Re7 Bd6 71. Re8+
$1 Rxe8 72. f7+ {Ftacnik,L} 1-0

[Event "Dallas UTD"]
[Site "Dallas"]
[Date "2004.12.13"]
[Round "7"]
[White "Novikov, Igor A"]
[Black "Schneider, Dmitry"]
[Result "1-0"]
[WhiteElo "2588"]
[BlackElo "2453"]
[Annotator "Ftacnik,L"]
[PlyCount "109"]
[EventDate "2004.12.07"]
[EventType "tourn"]
[EventRounds "9"]
[EventCountry "USA"]
[EventCategory "10"]
[SourceTitle "CBM 105"]
[Source "ChessBase"]
[SourceDate "2005.04.11"]
[SourceVersion "1"]
[SourceVersionDate "2005.04.11"]
[SourceQuality "1"]

1. d4 d5 2. c4 e6 3. Nf3 c5 4. cxd5 exd5 5. g3 Nc6 6. Bg2 Nf6 7. O-O Be7 8. Nc3
O-O 9. b3 Ne4 10. Bb2 Bf6 11. Na4 b6 12. Rc1 Ba6 13. dxc5 Bxb2 14. Nxb2 bxc5
15. Nd2 Qe7 {The line has a good reputation for black, but second player must
play actively and courageously.} 16. Re1 (16. Nd3 Rfd8 17. Nf4 Rac8 18. Re1 c4
19. Qc2 Nf6 20. bxc4 Ne5 21. c5 Nc4 22. Nb3 Qe5 23. Rcd1 d4 {Ac,M-Lamser,J/
Bratislava 1989/ 1/2-1/2 (67)}) (16. Nxe4 dxe4 17. Qd2 Nd4 18. Rfe1 Rad8 19.
Qe3 Rfe8 20. Bf1 Bb5 21. Nc4 f5 {Kosic,D-Gamback,B/Ikaros 2002/ 1/2-1/2 (43)})
16... Nxf2 (16... Rad8 17. Na4 Bb5 18. Nc3 Nxc3 19. Rxc3 Nb4 $11) 17. Kxf2 Qf6+
18. Nf3 Qxb2 19. Rxc5 Rac8 $2 {[%mdl 64] Schneider has probably missed an
unbelievable shot 21...Bxe2!!, otherwise he would surely have prefered the
active line 19...Nb4.} (19... Nb4 20. Qd2 (20. Kg1 Rfe8 21. Ra5 Qf6 $15) 20...
Qxd2 21. Nxd2 Bxe2 $3 22. Bxd5 (22. Kxe2 Rae8+ 23. Ne4 (23. Kd1 Rxe1+ 24. Kxe1
Nd3+ $19) 23... dxe4 $15) 22... Rad8 23. Kxe2 Nxd5 24. Nc4 $11) 20. Qc1 Qf6 (
20... Qxc1 21. Rexc1 Ne7 22. Nd4 $16) 21. Bh3 Rc7 22. Qg5 (22. Qf4 Qe7 23. Rxd5
Nb4 $14) 22... Qb2 (22... Qxg5 23. Nxg5 h6 24. Nf3 $16) 23. Qd2 {All endgames
would now be prefreeable for white, so black is rather sacrificing a pawn.} Qf6
(23... Qxd2 24. Nxd2 $16) 24. Rxd5 Qe7 (24... Bc8 25. Bxc8 Rfxc8 26. Rd1 $16)
25. Rc1 Bc8 26. Bxc8 (26. Bg2 Re8 27. Kg1 Bb7 $14) 26... Rcxc8 (26... Rfxc8 27.
Rdc5 $16) 27. Rd7 (27. Rdc5 Rcd8 28. Qe3 Qxe3+ 29. Kxe3 Nb4 30. Kf2 Nxa2 31.
Ra1 Nb4 32. Rxa7 $16) 27... Qa3 (27... Qe8 28. Qd6 $16) 28. Rc4 h6 29. Qc3 Ne7
30. Rcc7 (30. Qb4 $5 Qxb4 31. Rxb4 Nc6 32. Rbb7 $16) 30... Rxc7 31. Qxc7 Nc8 (
31... Ng6 32. Qxa7 $18) 32. Rd8 {The knight on c8 is such a passive piece,
that black has problems to get any counterplay.} (32. Ne5 Qb4 33. Rxf7 Qd4+ 34.
Kg2 Qd5+ 35. e4 Qxe4+ 36. Kh3 Rxf7 37. Qxf7+ Kh7 38. Nd7 $18) 32... Rxd8 33.
Qxd8+ Qf8 34. Qc7 {Novikov becomes choosy, enermous chances for win were
promissed by the simple swap of the queens.} (34. Qxf8+ Kxf8 35. e4 $16) 34...
Qe8 35. Nd4 Kh7 36. a4 h5 37. Nf3 f6 38. Nd4 Qe4 (38... Kg8 39. Nf5 Qf8 40.
Qxc8 $18) 39. Qc5 (39. e3 Ne7 40. Qd7 a5 41. Qe8 Qe5 $16) 39... Kg6 (39... h4
40. Qh5+ Kg8 41. Qxh4 Qxh4 42. gxh4 Nd6 43. Kf3 $18) 40. Nf3 Nb6 (40... Qf5 41.
Qc6 Kh7 42. e4 $16) 41. a5 Nd5 42. Qxa7 Nc3 43. Qa6 Nd1+ 44. Ke1 Nb2 {The
knight is obviously displaced on b2 but othwerwise white could simply exchange
queens.} (44... Nc3 45. Qd3 $18) 45. Kd2 Qb1 46. Kc3 Qc1+ (46... Nd1+ 47. Kb4
Qe4+ 48. Ka3 $18) 47. Kb4 Qe3 48. Qb5 Qe7+ 49. Kc3 Qa3 50. Nh4+ Kh6 51. Qf5
Na4+ 52. Kd2 Qb4+ 53. Ke3 Qxb3+ 54. Kf2 Qf7 55. Qc2 {Black resigned since he
either loses material or falls under mating attack.} 1-0

[Event "Interzonal-14a"]
[Site "Subotica"]
[Date "1987.??.??"]
[Round "16"]
[White "Chernin, Alexander"]
[Black "Marjanovic, Slavoljub"]
[Result "1-0"]
[WhiteElo "2570"]
[BlackElo "2505"]
[Annotator "Ftacnik,L"]
[PlyCount "93"]
[EventDate "1987.06.??"]
[EventType "tourn"]
[EventRounds "17"]
[EventCountry "YUG"]
[EventCategory "11"]
[SourceTitle "CBM 003"]
[Source "ChessBase"]
[SourceDate "1988.04.01"]
[SourceVersion "1"]
[SourceVersionDate "1988.04.01"]
[SourceQuality "1"]

1. d4 d5 2. Nf3 c5 3. c4 e6 4. cxd5 exd5 5. Nc3 Nc6 6. g3 Nf6 7. Bg2 Be7 8. O-O
O-O 9. Bg5 c4 10. Ne5 Be6 11. Nxc6 bxc6 12. b3 Qa5 13. Na4 $5 (13. Qc2 $6)
13... Rfd8 14. e3 c5 15. Nxc5 Bxc5 16. dxc5 Qxc5 17. Bxf6 (17. bxc4 dxc4 18.
Bxa8 Rxd1 19. Rfxd1 Nd7 20. Bf4 g5 $13) 17... gxf6 18. bxc4 $1 (18. Qh5 $6)
18... dxc4 19. Bxa8 Rxd1 20. Rfxd1 $16 Qa3 $6 (20... c3 21. Rdc1 $1 {/\ Rc2} f5
22. Rc2 f4 23. Re1 $1 {/\ ef4}) (20... h5 $5) 21. Rac1 $1 (21. Bd5 $2 Bxd5 22.
Rxd5 c3 23. Rd8+ Kg7 24. Rc8 Qb2 25. Rf1 c2 26. a4 a5 $10) 21... h5 22. h4 Qxa2
(22... a5 23. Rc2 {/\ Bf3-e2}) 23. Bd5 Bxd5 24. Rxd5 $18 a5 25. Rc5 a4 26.
R1xc4 Kg7 27. Rb4 (27. Rf4 $5 Qb1+ (27... a3 28. Ra5 Qb1+ 29. Kg2 Qb7+ 30. e4
Qb4 31. Ra6 {/\ Rf3+-}) 28. Kh2 Qb6 (28... Qb2 29. Ra5 a3 30. Kg2) 29. Rxh5 $5
Qa6 30. Rg4+ Kf8 31. Rh8+ Ke7 32. Re4+ Kd7 33. Rd4+ Ke7 34. Rd2 a3 35. Ra2 $18)
27... Qa3 (27... a3 28. Ra5 $18) 28. Rcc4 Qa1+ 29. Kg2 a3 30. Rc5 Qd1 31. Ra5
Qd6 32. Rc4 Qd7 (32... f5 33. Rc3 a2 34. Rca3 $18) 33. e4 Qd3 (33... f5 $5 34.
Rxa3 $1 fxe4 35. Rc5 $18) 34. Rca4 Qc2 35. Rxa3 Qxe4+ 36. Rf3 Kg6 37. Ra6 Qd4
38. Rf4 (38. Raxf6+ $18) 38... Qd5+ 39. Kh2 Qd8 40. Rc6 Qe7 41. Ra6 (41. g4
hxg4 42. Kg3 {/\ Rcf6+-}) 41... Qd8 42. Raxf6+ $1 Qxf6 43. Rxf6+ Kxf6 44. Kh3
Kf5 45. f3 f6 46. Kg2 $1 (46. g4+ hxg4+ 47. fxg4+ Kf4) 46... Kg6 (46... Ke5 47.
g4 hxg4 48. fxg4 Kf4 49. Kh3) 47. g4 1-0

[Event "ARM-ch"]
[Site "Yerevan"]
[Date "2005.04.30"]
[Round "2"]
[White "Galstian, Beniamin"]
[Black "Petrosian, Tigran L"]
[Result "1-0"]
[WhiteElo "2448"]
[BlackElo "2599"]
[Annotator "Ftacnik,L"]
[PlyCount "95"]
[EventDate "2005.04.29"]
[EventType "tourn"]
[EventRounds "11"]
[EventCountry "ARM"]
[EventCategory "11"]
[SourceTitle "CBM 107"]
[Source "ChessBase"]
[SourceDate "2005.08.01"]
[SourceVersion "1"]
[SourceVersionDate "2005.08.01"]
[SourceQuality "1"]

1. c4 e6 2. Nc3 d5 3. cxd5 exd5 4. d4 c5 5. Nf3 Nc6 6. g3 Nf6 7. Bg2 Be7 8. O-O
O-O 9. Bg5 cxd4 10. Nxd4 h6 11. Be3 Re8 12. Qa4 Bd7 13. Rad1 Bc5 14. Qb3 Na5
15. Qc2 Rc8 16. Qb1 {Petrosian has very active pieces and he will certainly
look for ways to benefit from it.} (16. Qd3 Nc4 17. Bc1 Ne5 18. Qb1 Qb6 19. Nb3
Bxf2+ 20. Rxf2 Neg4 21. Rd4 Nxf2 22. Kxf2 Rc4 23. e3 Rxd4 24. Nxd4 Ng4+ 25. Kg1
Nxe3 26. Bxe3 Rxe3 {1/2-1/2 Renman,N-Strauss,D/Gausdal 1980/ (41)}) 16... Rxe3
$5 (16... Nc4 17. Nxd5 Nxe3 18. fxe3 Ng4 19. b4 Bf8 $13) 17. fxe3 Nc4 18. Nxd5
$1 (18. b4 Bxd4 19. exd4 Ne3 20. Qd3 Nxd1 21. Rxd1 Bf5 $15) 18... Nxd5 19. Bxd5
Nxe3 (19... Nd6 20. Qg6 Qe7 21. Rf3 $18) 20. Rxf7 $1 {[%mdl 64] Galstian
reaction to the unexpected problems is courageous and possibly the best.} (20.
Bxf7+ Kh8 21. Ne6 Nxd1+ 22. Nxc5 Ne3 23. Rc1 Bf5 24. Nd3 Ra8 $15) 20... Nxd5 (
20... Nxd1 $2 21. Rxd7+ $18) 21. Qg6 Bf8 22. Nf5 (22. Rdf1 Qb6 23. Qxb6 Nxb6
$17) 22... Bxf5 (22... Qb6+ 23. Qxb6 Nxb6 24. Rdxd7 Nxd7 25. Rxd7 Rc2 26. Rxb7
Rxe2 27. Kh1 $16) 23. Qxf5 Qb6+ 24. Kh1 Ne3 25. Rxg7+ $1 {White decides to
eliminate g7 pawn in order to weaken the defences of black king.} (25. Qxc8
Kxf7 26. Rd7+ Be7 27. Qxb7 Qe6 28. Kg1 $13) 25... Bxg7 (25... Kxg7 $2 26. Rd7+
$18) 26. Qxc8+ Kh7 (26... Kf7 $2 27. Qd7+ Kg8 28. Rd6 Qc5 29. Qe6+ Kh7 30. Qg6+
Kh8 31. Rd8+ Bf8 32. Qxh6+ Kg8 33. Qe6+ Kh7 34. Rc8 $18) 27. Rd3 Qf6 (27... a6
28. Qe8 Ng4 29. Qe4+ Qg6 30. Qxg6+ Kxg6 31. Rd6+ Kf5 32. Rb6 $14) 28. Qc1 $8 {
Galstian had to see this narrow escape from the immediate problems. White has
two pawns and a rook for missing light pieces.} (28. Qh3 $2 Qxb2 29. Rxe3 Qc1+
30. Kg2 Qxe3 31. Qf5+ Kg8 $19) 28... Ng4 (28... Nc4 29. Rd5 $5) 29. Rf3 Qg6 30.
h3 (30. Qf4 b6 31. b4 $11) 30... Ne5 31. Re3 b5 32. b3 b4 (32... a6 $5 $15) 33.
Kg2 Nc6 (33... Qc6+ $6 34. Qxc6 Nxc6 35. Re6 Nd4 36. Re7 $15) 34. Qc4 Nd4 35.
Qd5 a5 $6 {Black should have prevented the advance of white pawn to g4. White
is now getting initiative.} (35... h5 $1 36. Qe4 a5 37. Qxg6+ Kxg6 38. Re8 Kf7
39. Ra8 Nxe2 40. Rxa5 $11) 36. g4 h5 (36... Qc6 37. Qxc6 Nxc6 38. Rd3 $14) 37.
Re7 (37. Qxh5+ Qxh5 38. gxh5 Kh6 39. Re7 Bf6 40. Rf7 Bg5 41. e4 Kxh5 42. Rh7+
Kg6 43. Ra7 $14) 37... Nc2 (37... Qc6 38. e4 Qc2+ 39. Kg3 h4+ 40. Kxh4 Qf2+ 41.
Kh5 Qe3 (41... Qf6 42. Qg5 $18) 42. Rxg7+ Kxg7 43. Qe5+ Kf7 44. h4 $16) 38. Re6
$6 {Time trouble is the main enemy of quality in chess, players decisions are
rarely perfect under pressure.} (38. Qxh5+ Qxh5 39. gxh5 Kh6 40. e4 $16) 38...
hxg4 39. h4 (39. Rxg6 Ne3+ 40. Kf2 Nxd5 41. Rxg4 Nc3 $15) 39... Ne1+ $2 (39...
g3 $5 40. Rxg6 Ne3+ 41. Kf3 Nxd5 42. Rg5 Nc3 43. Rxa5 g2 44. Rh5+ Bh6 45. Kxg2
Nxe2 $11) 40. Kf1 Nc2 (40... Qb1 41. Qh5+ Kg8 42. Re8+ Bf8 43. Qxg4+ $18) 41.
Kg2 Ne1+ 42. Kg3 $1 Qc2 {Petrosian is losing coordination of pieces and his
king will become a target for white forces.} (42... Qf7 43. Kxg4 $16) 43. Qh5+
Kg8 44. Re8+ Bf8 45. Qxg4+ Kf7 (45... Kh7 46. Rc8 $18) 46. Qe6+ Kg7 47. Rc8 Qb2
48. Qg4+ (48. Qg4+ Kh7 49. Qf5+ Kh6 50. Rc6+) 1-0

[Event "Solin 13th"]
[Site "Solin"]
[Date "2005.12.13"]
[Round "6"]
[White "Matveeva, Svetlana"]
[Black "Lugovoi, Aleksei"]
[Result "1/2-1/2"]
[WhiteElo "2422"]
[BlackElo "2547"]
[Annotator "Ftacnik,L"]
[PlyCount "116"]
[EventDate "2005.12.09"]
[EventType "tourn"]
[EventRounds "11"]
[EventCountry "CRO"]
[EventCategory "11"]
[SourceTitle "CBM 111"]
[Source "ChessBase"]
[SourceDate "2006.04.04"]
[SourceVersion "1"]
[SourceVersionDate "2006.04.04"]
[SourceQuality "1"]

1. d4 d5 2. c4 e6 3. Nc3 c5 4. cxd5 exd5 5. Nf3 Nc6 6. g3 Nf6 7. Bg2 Be7 8. O-O
O-O 9. dxc5 d4 10. Na4 Bf5 11. Bf4 Be4 12. Rc1 Qd5 13. Qb3 Qh5 14. Rfd1 {
It is interesting, that nobody tried this logical move completing the
centralization of white pieces.} (14. Ne1 d3 15. exd3 Nd4 16. dxe4 Nxb3 17.
axb3 g5 18. Bd2 Rad8 19. Ba5 Rd7 20. b4 Rc8 21. Nc3 Bd8 22. Bxd8 Rcxd8 $17 {
1/2-1/2 Hort,V (2590)-Tatai,S (2430)/Madonna di Campiglio 1974 (41)}) (14. Nd2
Bxg2 15. Kxg2 Qxe2 16. Qxb7 Rac8 17. Rfe1 Qh5 18. Nf3 Nd5 19. Bd6 Bxd6 20. cxd6
Nf4+ 21. gxf4 Qg4+ 22. Kf1 Qxf3 23. d7 d3 {1/2-1/2 Rashkovsky,N (2515)
-Panchenko,A (2435)/Cheliabinsk 1975 (27)}) (14. h3 Bd5 (14... Rad8 15. g4 Nxg4
16. hxg4 Qxg4 17. Bg3 Bd5 18. Qd3 Be4 19. Qb3 Bd5 20. Qd1 h5 21. Kh2 h4 22. Bc7
$16 {0-1 Cramling,D (2420)-Rodriguez Vargas,O/Barcelona 1986 (38)}) 15. Qxb7 d3
16. g4 Nxg4 17. hxg4 Qxg4 18. Nc3 dxe2 19. Nxd5 exf1=Q+ 20. Rxf1 Rfc8 21. Ne5
Rab8 22. Nxe7+ {1-0 Ligterink,G (2455)-Van der Sterren,P (2410)/Silkeborg 1980}
) (14. Bd6 b5 $3 15. Bxe7 bxa4 16. Qxa4 Nxe7 17. Nxd4 Bxg2 18. Kxg2 Qd5+ 19.
Kg1 Rfc8 20. c6 h5 21. Rfd1 Qe4 22. Rd3 Nfd5 23. f3 Qg6 $11 {0-1 Sorensen,
B-Plachetka,J/Sinaia 1965 (40)}) 14... Rad8 15. Bd6 $2 (15. Qxb7 $5 Rfe8 16.
Ng5 Bxg2 17. Kxg2 Nd5 18. Qxc6 Bxg5 19. Bxg5 Qxg5 20. Rxd4 Qxc1 21. Rxd5 $16)
15... b5 $3 {This fascinating shot always prevented move of white bishop to d6.
Black was bound to have at least some compensation for the misplaced white
knight on a4.} 16. Bxe7 (16. Qxb5 Bxd6 $19) 16... bxa4 17. Qxa4 Nxe7 18. Rxd4 (
18. Nxd4 Bxg2 19. Kxg2 Ned5 20. Qb3 Rfe8 21. Qf3 Qg5 $15) 18... Rxd4 19. Nxd4
Bxg2 20. Kxg2 Qd5+ 21. f3 Qg5 {Lugovoi must have fair chances to succeed with
his pieces, but white has three pawns for the lost piece.} (21... Rd8 22. c6
$15) 22. Nb3 (22. f4 Qd5+ 23. Nf3 Rb8 24. Qxa7 Nc6 25. Qa3 Re8 $17) 22... Qe5
23. Kf2 Qxb2 24. Qxa7 Nc6 (24... Re8 25. Qa5 Nc6 26. Qd2 Qe5 $17) 25. Qa4 Re8
26. Re1 (26. Qxc6 Rxe2+ 27. Kf1 Rf2+ 28. Kg1 Rg2+ $19) 26... Ne5 (26... Re6 27.
Kg1 Qc3 28. Kf1 Ne8 $17) 27. Kf1 Qc3 $6 {Probably just an inaccuracy, the
player with spare pieces should use them for the kingside attack.} (27... Ng6
28. c6 Nd5 29. Qa7 Qc2 30. Qd7 Nf6 31. Qb7 $17) 28. Rc1 Qe3 29. Qd4 Qh6 (29...
Qxd4 30. Nxd4 Nd5 31. c6 $14) 30. Kg1 Qh3 (30... Nc6 31. Qf2 (31. Qd6 $2 Rxe2
$19) 31... Rd8 $17) 31. Qf2 Qe6 (31... Qd7 32. Qd4 Qc8 33. Rc3 Nc6 $17) 32. Rc2
Nc6 33. Nd4 Qd5 34. e3 Nxd4 {Matveeva will have hands full of work protecting
the central pawn structure, but it was probably better to try winning the c5
pawn.} (34... Nd7 $1 35. Nxc6 Qxc6 36. e4 Rc8 37. Qd4 Nxc5 38. Kg2 Qb6 $17) 35.
exd4 Qc6 36. Re2 Rd8 (36... Rxe2 37. Qxe2 Kf8 38. Qe5 $11) 37. Kg2 h6 38. Rb2
Nd5 (38... Qa4 39. Rd2 Nd5 $17) 39. Qe1 (39. Qe2 Re8 40. Qb5 Qe6 $17) 39... Nc7
(39... Qa8 $5 40. h3 Qa3 41. Re2 Nc7 $19) 40. Qe5 f6 41. Qe3 Nd5 (41... Qd5 42.
Qb3 Qxb3 43. Rxb3 Rxd4 44. Rb8+ Kh7 45. Rc8 Ne6 46. c6 Rd2+ 47. Kf1 Rc2 48. a4
Nd4 49. c7 Ne6 $19) 42. Qb3 Re8 43. a4 Re3 (43... Kf8 44. a5 Ne3+ 45. Kf2 Qa6
46. Qb5 Nd1+ 47. Kg2 Qe6 $17) 44. Qa2 (44. Qb8+ Re8 (44... Kh7 45. Qd6 Qxd6 46.
cxd6 Rd3 47. a5 Rxd4 48. Ra2 $11) 45. Qb3) 44... Qe6 45. a5 Qf5 46. Rf2 Kh7 47.
g4 {The crises is thickening as white feels compelled to compromise her pawn
structure in order to avert mating attack.} (47. a6 Re7 48. h4 (48. a7 $2 Ne3+
49. Kg1 Rxa7 50. Qxa7 Qb1+ $19) 48... Ra7 49. Re2 Qd3 50. Re8 Ne3+ 51. Rxe3
Qxe3 52. Qb1+ g6 53. h5 Qe2+ 54. Kh3 Qxf3 55. Qxg6+ Kh8 56. Qe8+ Kg7 $19) 47...
Qd7 (47... Nf4+ 48. Kg3 Qe4 $1 49. a6 Nd3 50. a7 Nxf2 51. Qxf2 Ra3 $19) 48.
Qb1+ Kg8 (48... g6 49. a6 Re7 50. Qa1 Nf4+ 51. Kg3 Qc7 52. a7 Ne6+ 53. Kh3 Qxa7
$17) 49. a6 Nf4+ (49... Re8 50. Rd2 $15) 50. Kh1 (50. Kg3 Re8 51. Rd2 (51. Kxf4
$2 Qc7+ 52. Kf5 g6+ 53. Kxg6 Qg7+ 54. Kf5 Qg5#) 51... Qc7 52. Qb7 Ne2+ 53. Kg2
Nf4+ 54. Kg3 $11) 50... Qe8 $2 {The final mistake in a serie of less accurate
moves, brave capture of pawn d4 would have decided the game.} (50... Qxd4 $1
51. a7 Re8 52. Rf1 Qd2 53. Rg1 Nh3 $19) 51. Rf1 Ra3 $6 (51... Re7 52. Qb4 $13)
52. Qe4 $1 Qxe4 (52... Qb5 $2 53. Rb1 $18) 53. fxe4 Ne6 54. c6 Rxa6 55. d5 {
It becomes obvious, that black has missed his boat...} Nc7 56. Rb1 (56. Rc1 Kf7
57. d6 Nb5 58. d7 Ke7 $11) 56... Kf8 57. d6 (57. Rb7 Ne8 58. Rd7 $11) 57...
Rxc6 58. dxc7 Rxc7 1/2-1/2